ბათუმის შოთა რუსთაველის სახელმწიფო უნივერსიტეტის ბიბლიოთეკა

ქობულეთის "ქვეყანა" : (ბიბ.ჩანაწერი № 57821)

000 -ლიდერი
ფიქსირებული სიგრძის საკონტროლო ველი 01531nam a22002177a 4500
003 - საკონტროლო ნომრის იდენტიფიკატორი
საკონტროლო ველი Ge_BSU
005 - ბოლო ოპერაციის თარიღი და დრო
საკონტროლო ველი 20221221151349.0
008 - ფიქსირებული სიგრძის მონაცემთა ელემენტები - ზოგადი ინფორმაცია
ფიქსირებული სიგრძის საკონტროლო ველი 201222s2020 ge ||||| |||| 00| 0 geo d
041 ## - ენის კოდი
Language code of text/sound track or separate title geo
080 ## - უნივერსალური ათობითი კლასიფიკაციის ინდექსი
Universal Decimal Classification number 902/904 ტ-20
100 ## - მთავარი ჩანაწერი - პიროვნების სახელი
Personal name ტაკიძე, რეზო
9 (RLIN) 9941
245 ## - ცნობა სათაურის შესახებ
Title ქობულეთის "ქვეყანა" :
Remainder of title (ისტორიულ არქეოლოგიური გამოკვლევა) : დისერტაცია /
Statement of responsibility, etc რეზო ტაკიძე; სამეცნიერო ხელმძღვანელი ნანა ხახუტაიშვილი; ბსუ. ჰუმანიტარულ მეცნიერებათა ფაკულტეტი; ისტორიის, არქეოლოგიისა და ეთნოლოგიის დეპარტამენტი.
264 ## - წარმოების, გამოცემის, დისტრიბუციის და სხვა ცნობები
გამოცემის, წარმოების, დისტრიბუციის... ადგილი ბათუმი,
გამოცემის, წარმოების, დისტრიბუციის... თარიღი 2020.
300 ## - ფიზიკური აღწერა
Extent 319 გვ.
Other physical details ილ.
Dimensions 30 სმ.
653 ## - INDEX TERM--UNCONTROLLED
Uncontrolled term ისტორია
653 ## - INDEX TERM--UNCONTROLLED
Uncontrolled term არქეოლოგია
653 ## - INDEX TERM--UNCONTROLLED
Uncontrolled term დისერტაცია
700 ## - ADDED ENTRY--PERSONAL NAME
Personal name ხახუტაიშვილი, ნანა
Relator term სამეცნიერო ხელმძღვანელი
9 (RLIN) 9942
710 ## - ADDED ENTRY--CORPORATE NAME
Corporate name or jurisdiction name as entry element ბსუ
Subordinate unit ჰუმანიტარულ მეცნიერებათა ფაკულტეტი
Relator term ისტორიის, არქეოლოგიისა და ეთნოლოგიის დეპარტამენტი
9 (RLIN) 9943
942 ## - ADDED ENTRY ELEMENTS (KOHA)
Source of classification or shelving scheme
Koha item type დისერტაცია
ეგზემპლარები
ჩამოწერის სტატუსი დაკარგული ეგზემპლარის სტატუსი კლასიფიკაციის წყარო ან თაროზე გაწყობის სქემა დაზიანების სტატუსი არ გაიცემა მუდმივი მდებარეობა (დაცვის ადგილი) ამჟამინდელი ადგილსამყოფელი თაროზე განთავსების ადგილი შეძენის თარიღი სრული შენახვის შიფრი შტრიხკოდი ბოლო ოპერაციის თარიღი ეგზემპლარის მიმდევრობითი ნომერი (კეტერი?) ფასის ძალაში შესვლის თარიღი ეგზემპლარის სახეობა
          ბათუმის შოთა რუსთაველის სახელმწიფო უნივერსიტეტის მთავარი ბიბლიოთეკა ბათუმის შოთა რუსთაველის სახელმწიფო უნივერსიტეტის მთავარი ბიბლიოთეკა წიგნსაცავი 2020-12-22 902/904 ტ-20 347 დისერტაცია 2020-12-22 347 2020-12-22 დისერტაცია